000 00587nam a2200229Ia 4500
003 OSt
005 20221006165153.0
006 a|||||r|||| 00| 0
007 ta
008 221006b |||||||| |||| 00| 0 eng d
024 _a817
037 _cTextual
040 _aFML
_cFML
_beng
041 _2eng
_aeng
082 _aNS44, P1
100 _aGopalkrishnan Sudha Tr.
_9679246
245 0 _aNalacharitam
260 _aNew Delhi
_bSahitya Acadmy
_c2001
300 _a225
_ccm.
942 _hNS44, P1
_cTEXL
_2CC
999 _c1119860
_d1119860